Del tropico / (Record no. 13982)
[ view plain ]
| 000 -LEADER | |
|---|---|
| fixed length control field | 00635 a2200205 4500 |
| 003 - CONTROL NUMBER IDENTIFIER | |
| control field | sjds |
| 005 - DATE AND TIME OF LATEST TRANSACTION | |
| control field | 20250526035052.0 |
| 008 - FIXED-LENGTH DATA ELEMENTS--GENERAL INFORMATION | |
| fixed length control field | 250526b |||||||| |||| 00| 0 spa d |
| 020 ## - INTERNATIONAL STANDARD BOOK NUMBER | |
| International Standard Book Number | 9789992467312 |
| 020 ## - INTERNATIONAL STANDARD BOOK NUMBER | |
| International Standard Book Number | 9992467312 |
| 040 ## - CATALOGING SOURCE | |
| Transcribing agency | sjds |
| 041 ## - LANGUAGE CODE | |
| Language code of text/sound track or separate title | spa |
| 100 ## - MAIN ENTRY--PERSONAL NAME | |
| Personal name | Dario, Ruben |
| 245 ## - TITLE STATEMENT | |
| Title | Del tropico / |
| Statement of responsibility, etc. | Ruben Dario ; ilustraciones de Omar Narvaez. |
| 260 ## - PUBLICATION, DISTRIBUTION, ETC. (IMPRINT) | |
| Place of publication, distribution, etc. | [Managua] : |
| Name of publisher, distributor, etc. | Fondo Editorial Libros para Ninos, |
| Date of publication, distribution, etc. | 2011. |
| 300 ## - PHYSICAL DESCRIPTION | |
| Extent | 14 unnumbered pages : |
| Other physical details | color illustrations ; |
| Dimensions | 25 cm |
| 500 ## - GENERAL NOTE | |
| General note | An illustrated poem evoking a country scene and the beauty of nature |
| 700 ## - ADDED ENTRY--PERSONAL NAME | |
| Personal name | Narvaez, Omar |
| 942 ## - ADDED ENTRY ELEMENTS (KOHA) | |
| Koha item type | Libro/Book |
| Withdrawn status | Lost status | Damaged status | Not for loan | Home library | Current library | Date acquired | Inventory number | Total Checkouts | Barcode | Checked out | Date last seen | Date checked out | Price effective from | Koha item type | Shelving location | Full call number |
|---|---|---|---|---|---|---|---|---|---|---|---|---|---|---|---|---|
| Genizero -- Satellite | Genizero -- Satellite | 28/03/2017 | 35600864 | 28/03/2017 | 28/03/2017 | Libro/Book | ||||||||||
| La Puerta Biblioteca -- Satellite | La Puerta Biblioteca -- Satellite | 09/04/2018 | 1 | 40301630 | 15/03/2022 | 11/03/2021 | 09/04/2018 | Libro/Book | ||||||||
| San Juan Del Sur -- Biblioteca | San Juan Del Sur -- Biblioteca | 27/03/2015 | Checked out from 2021- Feb 2025 | 5 | 30006880 | 10/02/2021 | 06/01/2021 | 06/01/2021 | 27/03/2015 | Libro/Book | ||||||
| San Juan Del Sur -- Biblioteca | San Juan Del Sur -- Biblioteca | 28/09/2015 | Inventory date: 15-5-25 | 8 | 30007438 | 22/07/2022 | 14/07/2022 | 28/09/2015 | Libro/Book | General Stacks | AD Dar |